Introduction to fluid mechanics (Record no. 13596)
[ view plain ]
| 000 -LEADER | |
|---|---|
| fixed length control field | 00364cam a2200157ua 4500 |
| 020 ## - INTERNATIONAL STANDARD BOOK NUMBER | |
| ISBN | 9788126523177 |
| 082 ## - DEWEY DECIMAL CLASSIFICATION NUMBER | |
| Classification number | 532 |
| Item number | FOX/IN |
| 245 ## - TITLE STATEMENT | |
| Title | Introduction to fluid mechanics |
| 250 ## - EDITION STATEMENT | |
| Edition statement | 7. |
| 260 ## - PUBLICATION, DISTRIBUTION, ETC. (IMPRINT) | |
| Place of publication | New Delhi |
| Name of publisher | Wiley India |
| Year of publication | 2010 |
| 300 ## - PHYSICAL DESCRIPTION | |
| Number of Pages | 754. |
| 700 ## - ADDED ENTRY--PERSONAL NAME | |
| Personal name | Alan T Mcdonald. |
| 700 ## - ADDED ENTRY--PERSONAL NAME | |
| Personal name | Philip J Pritchard. |
| 700 ## - ADDED ENTRY--PERSONAL NAME | |
| Personal name | Robert W Fox. |
| 942 ## - ADDED ENTRY ELEMENTS (KOHA) | |
| Koha item type | Books |
| Withdrawn status | Lost status | Damaged status | Collection code | Home library | Current library | Shelving location | Date acquired | Accession Number | Koha item type | Source of acquisition | Cost, normal purchase price | Full call number |
|---|---|---|---|---|---|---|---|---|---|---|---|---|
| Non-fiction | KAUAET | KAUAET | General Stacks | 22/01/2013 | 22254 | Books | ||||||
| Non-fiction | KAUAET | KAUAET | General Stacks | 30/03/2013 | 23750 | Books | Calicut Book Distributors | 579.00 | 532 FOX/IN |
